[Event "IX Floripa Chess Open Fort Atacadista"]
[Site "Florianópolis - Santa Catari"]
[Date "2023.01.28"]
[Round "9.129"]
[White "Romais, Rodrigo"]
[Black "Dos Santos, Dwlyan Silva"]
[Result "1/2-1/2"]
[WhiteElo "1548"]
[BlackElo "1810"]
[PlyCount "117"]
[EventDate "2023.01.23"]
[EventRounds "10"]
[EventCountry "BRA"]

1. e4 c5 2. Nf3 e6 3. d3 g6 4. g3 Bg7 5. Bg2 Ne7 6. O-O O-O 7. e5 d5 8. c3 Nbc6
9. Re1 Qc7 10. Bf4 b5 11. a3 a5 12. d4 cxd4 13. cxd4 Qb6 14. Nc3 Bd7 15. Qd2
Nf5 16. Ne2 a4 17. g4 Nfe7 18. h4 Na5 19. Rab1 Nc4 20. Qd1 Rfc8 21. Ng3 b4 22.
axb4 Qxb4 23. Qe2 Bb5 24. Bd2 Nxd2 25. Qxd2 Qb3 26. Qg5 Ra7 27. h5 h6 28. Qf4
g5 29. Nxg5 hxg5 30. Qxg5 Kh7 31. Ne4 dxe4 32. Bxe4+ Kg8 33. h6 Ng6 34. hxg7
Bd3 35. Re3 Bxe4 36. Rxb3 axb3 37. Re1 Bd5 38. f4 Rc2 39. f5 exf5 40. gxf5 Rg2+
41. Qxg2 Bxg2 42. Kxg2 Nh4+ 43. Kh3 Nxf5 44. d5 Kxg7 45. Kg4 Ne7 46. d6 Nc6 47.
Kf5 Ra5 48. Rg1+ Kf8 49. Re1 Ke8 50. Kf6 Rd5 51. Re3 Nd4 52. Rc3 Ne6 53. Rxb3
Rd4 54. Rb8+ Nd8 55. b4 Kd7 56. b5 Rf4+ 57. Kg7 Ne6+ 58. Kg8 Nd8 59. Kg7
1/2-1/2

[Event "IX Floripa Chess Open Fort Atacadista"]
[Site "Florianópolis - Santa Catari"]
[Date "2023.01.28"]
[Round "9.130"]
[White "Da Silva, Kauan Salvagni Tele"]
[Black "Dos Santos, Gustavo Mota"]
[Result "0-1"]
[WhiteElo "1498"]
[BlackElo "1810"]
[PlyCount "66"]
[EventDate "2023.01.23"]
[EventRounds "10"]
[EventCountry "BRA"]

1. d4 e6 2. c4 d5 3. Nf3 f5 4. g3 Nf6 5. Bg2 c6 6. O-O Bd6 7. b3 Qe7 8. Bb2 O-O
9. Qc1 Nbd7 10. Ba3 e5 11. Bxd6 Qxd6 12. Na3 e4 13. c5 Qe7 14. Ng5 h6 15. Nh3
g5 16. e3 f4 17. Re1 f3 18. Bf1 Ng4 19. Nb1 h5 20. Nc3 h4 21. Qd2 hxg3 22. hxg3
Qh7 23. b4 Kg7 24. Nxe4 dxe4 25. d5 Nde5 26. Qd4 Re8 27. d6 Bd7 28. a4 Rh8 29.
Rab1 Rae8 30. b5 cxb5 31. axb5 Nf6 32. c6 Bxh3 33. d7 Bxd7 0-1

[Event "IX Floripa Chess Open Fort Atacadista"]
[Site "Florianópolis - Santa Catari"]
[Date "2023.01.28"]
[Round "9.131"]
[White "Pereira, Francisco Neris"]
[Black "Machado, Leonardo Ribeiro"]
[Result "0-1"]
[WhiteElo "1482"]
[BlackElo "1807"]
[PlyCount "136"]
[EventDate "2023.01.23"]
[EventRounds "10"]
[EventCountry "BRA"]

1. d4 Nf6 2. c4 d6 3. Nf3 Nbd7 4. g3 g6 5. Bg2 Bg7 6. Nc3 c6 7. e4 e5 8. O-O
O-O 9. Bg5 h6 10. Be3 Ng4 11. d5 Nxe3 12. fxe3 Nf6 13. Qc2 Qb6 14. Rae1 Ng4 15.
Nd1 Bd7 16. Kh1 cxd5 17. exd5 f5 18. Nh4 e4 19. Nxg6 Rf6 20. Nf4 Bh8 21. Qe2
Raf8 22. Nc3 Ne5 23. Nd1 Qb4 24. b3 a5 25. Nf2 b5 26. Rc1 bxc4 27. bxc4 Rc8 28.
Rb1 Qxc4 29. Qxc4 Nxc4 30. Rfe1 Rff8 31. Ng6 Rf7 32. Nxh8 Kxh8 33. Bf1 Nd2 34.
Rb7 Be8 35. Rxf7 Bxf7 36. Bh3 Rc2 37. Bxf5 Nf3 38. Rf1 Bxd5 39. Kg2 Rxa2 40. g4
a4 41. Kg3 Nd2 42. Rc1 a3 43. Nd1 Bb3 44. Nc3 Rc2 45. Rxc2 Bxc2 46. Be6 Kg7 47.
Kf4 Kf6 48. Bd5 Bb3 49. Bxb3 Nxb3 50. Kxe4 Nc1 51. Kd5 Ke7 52. h4 a2 53. Nxa2
Nxa2 54. g5 h5 55. e4 Nc3+ 56. Kd4 Nb5+ 57. Kd5 Nc7+ 58. Kc6 Ne6 59. e5 dxe5
60. Kd5 Nxg5 61. Kxe5 Nh7 62. Kf5 Kf7 63. Ke4 Ke6 64. Kf4 Kf6 65. Kg3 Ke5 66.
Kf3 Kf5 67. Ke3 Kg4 68. Ke4 Nf8 0-1

[Event "IX Floripa Chess Open Fort Atacadista"]
[Site "Florianópolis - Santa Catari"]
[Date "2023.01.28"]
[Round "9.132"]
[White "Dias, Clara"]
[Black "Casas, Nicolas"]
[Result "0-1"]
[WhiteElo "1430"]
[BlackElo "1803"]
[PlyCount "63"]
[EventDate "2023.01.23"]
[EventRounds "10"]
[EventCountry "BRA"]

1. e4 d5 2. exd5 Nf6 3. d4 Nxd5 4. Nf3 Bg4 5. c4 Nf6 6. Be3 e6 7. Nc3 c6 8. Be2
Nbd7 9. O-O Be7 10. h3 Bh5 11. Re1 O-O 12. Bf4 Nb6 13. Ne5 Bxe2 14. Rxe2 Qc8
15. Qd3 Rd8 16. Nf3 Bf8 17. Rc1 h6 18. Ree1 Nbd7 19. a3 b6 20. Qc2 Qb7 21. Bh2
Rac8 22. Qb1 b5 23. Qd3 bxc4 24. Qxc4 Qxb2 25. Ra1 Nd5 26. Ne4 Qb5 27. Qa2 c5
28. a4 Qa5 29. dxc5 Nxc5 30. Nxc5 Qxc5 31. Qb1 Re8 32. Nd4 0-1

[Event "IX Floripa Chess Open Fort Atacadista"]
[Site "Florianópolis - Santa Catari"]
[Date "2023.01.28"]
[Round "9.133"]
[White "Bernardo, Henrique Carvalho"]
[Black "Lunelli, Neuri Antonio"]
[Result "1/2-1/2"]
[WhiteElo "1405"]
[BlackElo "1799"]
[PlyCount "48"]
[EventDate "2023.01.23"]
[EventRounds "10"]
[EventCountry "BRA"]

1. e4 c6 2. d4 d5 3. Nc3 dxe4 4. Nxe4 Nf6 5. Nxf6+ exf6 6. c3 Bd6 7. Bd3 O-O 8.
Ne2 Bg4 9. Qc2 Kh8 10. O-O Re8 11. Ng3 Qc7 12. Bd2 Nd7 13. Rfe1 Nf8 14. h3 Bxg3
15. fxg3 Bh5 16. Bf4 Qd7 17. g4 Bg6 18. Bg3 Ne6 19. Bxg6 hxg6 20. Rad1 g5 21.
Qf5 Qd5 22. Qxd5 cxd5 23. Re2 b5 24. a3 Rec8 1/2-1/2

[Event "IX Floripa Chess Open Fort Atacadista"]
[Site "Florianópolis - Santa Catari"]
[Date "2023.01.28"]
[Round "9.134"]
[White "Cezar, Ricardo De Almeida"]
[Black "Passos Coutinho, Eduardo"]
[Result "1-0"]
[WhiteElo "1795"]
[BlackElo "1630"]
[PlyCount "119"]
[EventDate "2023.01.23"]
[EventRounds "10"]
[EventCountry "BRA"]

1. d4 Nf6 2. c4 c5 3. d5 b5 4. cxb5 a6 5. bxa6 g6 6. Nc3 Bg7 7. e4 O-O 8. Nf3
Qa5 9. Bd3 Bxa6 10. O-O d6 11. a4 Bxd3 12. Qxd3 Na6 13. Qe2 Nb4 14. Bd2 Rfb8
15. Nb5 Nd7 16. Bc3 Nb6 17. Bxg7 Kxg7 18. b3 Nd7 19. Nd2 Nf6 20. Nc4 Qd8 21.
Rad1 Qc8 22. e5 Nfxd5 23. exd6 exd6 24. Ncxd6 Qe6 25. Qf3 Qf6 26. Qxf6+ Nxf6
27. g3 Ra6 28. Rfe1 Nc6 29. Rc1 Nd4 30. Nxd4 cxd4 31. Nb5 Rd8 32. Rcd1 Rb6 33.
Rxd4 Rxd4 34. Nxd4 Rb4 35. Rd1 Ne4 36. Rd3 Nc5 37. Rc3 Nxa4 38. bxa4 Rxd4 39.
Ra3 Rd6 40. a5 Ra6 41. h4 Kf6 42. Kg2 Ke6 43. Kf3 Kd5 44. g4 h6 45. Kf4 Rf6+
46. Ke3 Ra6 47. f4 f6 48. Kd3 Kc5 49. Kc3 Kb5 50. Kd4 Rd6+ 51. Ke4 Ka6 52. g5
hxg5 53. hxg5 fxg5 54. fxg5 Rd8 55. Rc3 Re8+ 56. Kd5 Rd8+ 57. Ke5 Kxa5 58. Rc6
Rd1 59. Kf6 Kb5 60. Rc2 1-0

[Event "IX Floripa Chess Open Fort Atacadista"]
[Site "Florianópolis - Santa Catari"]
[Date "2023.01.28"]
[Round "9.135"]
[White "Pavao, Alice Lara Biasi"]
[Black "Teixeira, Jonas Carvalho"]
[Result "0-1"]
[WhiteElo "1401"]
[BlackElo "1791"]
[PlyCount "120"]
[EventDate "2023.01.23"]
[EventRounds "10"]
[EventCountry "BRA"]

1. c4 e5 2. g3 Nc6 3. Bg2 Bc5 4. Nf3 a6 5. O-O d6 6. e3 Ba7 7. d4 exd4 8. Nxd4
Nxd4 9. exd4 Ne7 10. Re1 O-O 11. Nc3 Nf5 12. d5 Qf6 13. Ne4 Qg6 14. Bf4 f6 15.
Rc1 Bd4 16. b3 Be5 17. Bxe5 fxe5 18. Nd2 Nd4 19. h3 Rf7 20. Re3 Bd7 21. Nf3
Raf8 22. Nxd4 exd4 23. Rf3 Rxf3 24. Bxf3 Bxh3 25. Bg2 Bxg2 26. Kxg2 Qe4+ 27.
Kg1 Re8 28. Qd2 c5 29. dxc6 bxc6 30. Rd1 c5 31. Qd3 Re6 32. a3 Qb7 33. b4 Rh6
34. f3 Re6 35. bxc5 dxc5 36. Qf5 Qe7 37. Qd5 Qd6 38. Qa8+ Kf7 39. f4 Qc6 40.
Qxc6 Rxc6 41. Kf2 Rb6 42. Rd3 Kf6 43. Kf3 g6 44. g4 a5 45. Ke4 Ke6 46. f5+
gxf5+ 47. gxf5+ Kd6 48. f6 Ke6 49. f7 Kxf7 50. Kd5 a4 51. Kxc5 Rb3 52. Kxd4
Rxd3+ 53. Kxd3 Ke6 54. Ke4 Kd6 55. Kd4 h5 56. c5+ Kc6 57. Ke5 Kxc5 58. Kf5 Kc4
59. Kg5 Kb3 60. Kxh5 Kxa3 0-1

[Event "IX Floripa Chess Open Fort Atacadista"]
[Site "Florianópolis - Santa Catari"]
[Date "2023.01.28"]
[Round "9.136"]
[White "Ferreira, Rodrigo Maycon Mira"]
[Black "De Resende, Sidnei"]
[Result "0-1"]
[WhiteElo "1781"]
[BlackElo "1629"]
[PlyCount "53"]
[EventDate "2023.01.23"]
[EventRounds "10"]
[EventCountry "BRA"]

1. d4 Nf6 2. c4 g6 3. f3 Bg7 4. e4 d6 5. Nc3 O-O 6. Be3 Nbd7 7. Qd2 Re8 8.
O-O-O e5 9. d5 b6 10. g4 a5 11. b3 Nc5 12. Nge2 Re7 13. h4 Ne8 14. h5 f6 15.
hxg6 hxg6 16. Ng3 Bd7 17. Qh2 g5 18. Qh7+ Kf8 19. Qg6 Rf7 20. Rd2 a4 21. b4
Nb3+ 22. axb3 axb3 23. b5 Ra1+ 24. Nb1 Qa8 25. Bd3 Qa5 26. Kd1 Ra2 27. Rhh2 0-1

[Event "IX Floripa Chess Open Fort Atacadista"]
[Site "Florianópolis - Santa Catari"]
[Date "2023.01.28"]
[Round "9.137"]
[White "Moro, Antonio Renato Pere"]
[Black "Elesbao, Bernardo Dartora"]
[Result "0-1"]
[WhiteElo "1770"]
[BlackElo "1604"]
[PlyCount "152"]
[EventDate "2023.01.23"]
[EventRounds "10"]
[EventCountry "BRA"]

1. c4 g6 2. Nc3 Bg7 3. Nf3 e5 4. g3 f5 5. d3 d6 6. Bg2 Nf6 7. Bg5 h6 8. Bd2 O-O
9. O-O c6 10. Qc2 Na6 11. a3 Nc7 12. e3 Be6 13. b3 Qd7 14. Rfd1 Rac8 15. Rab1
Nh5 16. d4 e4 17. Ne1 g5 18. Ne2 Bf7 19. c5 d5 20. b4 Ne6 21. f4 exf3 22. Nxf3
Qe8 23. Qc1 Bg6 24. Rb3 Rc7 25. Ne5 Bxe5 26. dxe5 Qf7 27. Rf1 Qh7 28. Nd4 Nhg7
29. a4 Nxd4 30. exd4 Ne6 31. Qb2 Rcf7 32. Bh3 h5 33. Be1 g4 34. Bg2 f4 35. gxf4
Rxf4 36. Rxf4 Rxf4 37. b5 Nxd4 38. Bg3 Nxb3 39. Bxf4 Nxc5 40. bxc6 Be4 41. Bf1
Qc7 42. cxb7 Qxb7 43. Qa3 Ne6 44. Be3 d4 45. Bf2 Qd5 46. Bg3 d3 47. Qd6 Qxd6
48. exd6 d2 49. Be2 Bf3 50. Kf2 d1=Q 51. Bxd1 Bxd1 52. a5 Ba4 53. Bh4 Nd4 54.
Bf6 Nb3 55. Kg3 Kf7 56. Bd8 Ke6 57. Bc7 a6 58. Kh4 Be8 59. h3 gxh3 60. Kxh3 Nd4
61. Bb6 Nf5 62. d7 Kxd7 63. Bf2 Nd6 64. Be1 Nc4 65. Kg3 Kc6 66. Kf3 Kb5 67. Ke4
Nxa5 68. Kd4 Nb3+ 69. Kc3 Bf7 70. Bh4 a5 71. Kb2 Nc5 72. Ka3 a4 73. Be1 Bb3 74.
Bh4 Nd3 75. Bg5 Ne5 76. Bf4 Nc4# 0-1

[Event "IX Floripa Chess Open Fort Atacadista"]
[Site "Florianópolis - Santa Catari"]
[Date "2023.01.28"]
[Round "9.138"]
[White "Mesquita, Arnaldo Leite"]
[Black "Marocco, Gabriel Leao Quadro"]
[Result "0-1"]
[WhiteElo "1760"]
[BlackElo "1598"]
[PlyCount "66"]
[EventDate "2023.01.23"]
[EventRounds "10"]
[EventCountry "BRA"]

1. Nf3 Nf6 2. c4 g6 3. g3 Bg7 4. Bg2 c6 5. Nc3 d5 6. cxd5 Nxd5 7. O-O O-O 8. d4
b6 9. e4 Nxc3 10. bxc3 Bb7 11. Qb3 Qc8 12. Bb2 c5 13. Ng5 h6 14. Bh3 Qe8 15.
Nxf7 Rxf7 16. Be6 Kf8 17. d5 Rf6 18. c4 Rxe6 19. Bxg7+ Kxg7 20. dxe6 Nc6 21. f4
Nd4 22. Qe3 Qc6 23. Rae1 Qxe6 24. Rf2 Rf8 25. f5 gxf5 26. exf5 Qxe3 27. Rxe3
Nxf5 28. Re5 Bc8 29. g4 Nd6 30. Rxe7+ Rf7 31. Rfxf7+ Nxf7 32. h3 Kf6 33. Rxa7
Nd6 0-1

[Event "IX Floripa Chess Open Fort Atacadista"]
[Site "Florianópolis - Santa Catari"]
[Date "2023.01.28"]
[Round "9.139"]
[White "Mariot Vaz, Joao Antonio Bertol"]
[Black "Ferreira, Carlos Eduardo"]
[Result "1-0"]
[WhiteElo "1756"]
[BlackElo "1585"]
[PlyCount "67"]
[EventDate "2023.01.23"]
[EventRounds "10"]
[EventCountry "BRA"]

1. e4 c5 2. Nf3 Nc6 3. Bb5 g6 4. Bxc6 dxc6 5. d3 Bg7 6. h3 Nf6 7. O-O O-O 8.
Nc3 Qc7 9. e5 Nd5 10. Re1 Nxc3 11. bxc3 Rd8 12. Bf4 Be6 13. Qe2 h6 14. Qe3 g5
15. Bg3 b6 16. Kh2 Qd7 17. c4 Bf5 18. Rad1 g4 19. hxg4 Bxg4 20. c3 Qe6 21. Rd2
Rd7 22. Nh4 Rad8 23. f3 Bh5 24. Bf4 f5 25. g3 Kh7 26. Kg2 Rg8 27. Kf2 Rdd8 28.
a4 Qc8 29. a5 e6 30. g4 Bf7 31. Rh1 Bf8 32. Bxh6 Be7 33. Nxf5 exf5 34. Bf8+ 1-0

[Event "IX Floripa Chess Open Fort Atacadista"]
[Site "Florianópolis - Santa Catari"]
[Date "2023.01.28"]
[Round "9.140"]
[White "Riquelme, Andres"]
[Black "Garcia, Erich Douglas Ribei"]
[Result "1-0"]
[WhiteElo "1695"]
[BlackElo "1427"]
[PlyCount "99"]
[EventDate "2023.01.23"]
[EventRounds "10"]
[EventCountry "BRA"]

1. e4 c6 2. Nf3 d5 3. exd5 cxd5 4. d4 Nc6 5. Bb5 Bd7 6. O-O a6 7. Bxc6 bxc6 8.
Ne5 e6 9. Qf3 Nf6 10. Bg5 Be7 11. Nd2 O-O 12. Nb3 Ne4 13. Be3 f6 14. Nxd7 Qxd7
15. Qh3 Qc8 16. Rfe1 e5 17. Qxc8 Raxc8 18. f3 Nd6 19. dxe5 fxe5 20. Bc5 Nf5 21.
Bxe7 Nxe7 22. Rxe5 Ng6 23. Re6 Rf6 24. Rae1 Nf4 25. Re8+ Rxe8 26. Rxe8+ Kf7 27.
Ra8 c5 28. Nxc5 Rc6 29. b4 Ne2+ 30. Kf2 Nd4 31. c3 Nb5 32. Rxa6 Rc7 33. Rb6
Nxc3 34. a4 Na2 35. Nd3 Rc2+ 36. Kg3 Rd2 37. Ne5+ Ke7 38. a5 Rb2 39. a6 Nc3 40.
a7 Ra2 41. b5 Nxb5 42. Rxb5 Kd6 43. Rb7 Kxe5 44. Rxg7 h6 45. Re7+ Kd4 46. Kf4
Kc3 47. Ke5 Ra5 48. Rc7+ Kd3 49. Kf4 d4 50. Rd7 1-0

[Event "IX Floripa Chess Open Fort Atacadista"]
[Site "Florianópolis - Santa Catari"]
[Date "2023.01.28"]
[Round "9.141"]
[White "Pinto, Vanderlei"]
[Black "Lahoz, Cassiano"]
[Result "0-1"]
[WhiteElo "1346"]
[BlackElo "1724"]
[PlyCount "104"]
[EventDate "2023.01.23"]
[EventRounds "10"]
[EventCountry "BRA"]

1. Nf3 Nf6 2. c4 g6 3. b3 Bg7 4. Bb2 O-O 5. e3 d6 6. Be2 b6 7. O-O Bb7 8. d3
Nbd7 9. b4 e5 10. Nbd2 Re8 11. Qc2 c5 12. b5 d5 13. Rfd1 Qc7 14. cxd5 Nxd5 15.
Qb3 Rad8 16. e4 Nf4 17. Bf1 Ne6 18. Rac1 Nd4 19. Nxd4 exd4 20. Nf3 Qf4 21. Be2
Ne5 22. Nxe5 Qxe5 23. g3 Re7 24. f4 Qe6 25. Qxe6 Rxe6 26. Rf1 a6 27. a4 axb5
28. axb5 Ra8 29. Ra1 Ree8 30. Rfc1 Rxa1 31. Rxa1 c4 32. e5 c3 33. Bc1 f6 34.
Ra7 Bd5 35. Rd7 Bb3 36. Rxd4 fxe5 37. Re4 Bd5 38. Re3 e4 39. dxe4 Bd4 40. e5
Bxe3+ 41. Bxe3 Rc8 42. Bg4 Ra8 43. e6 c2 44. Kf2 Ra1 45. f5 c1=Q 46. Bxc1 Rxc1
47. f6 Rc2+ 48. Ke3 Kf8 49. h4 Bc4 50. h5 gxh5 51. Bxh5 Bxb5 52. Kf4 Be8 0-1

[Event "IX Floripa Chess Open Fort Atacadista"]
[Site "Florianópolis - Santa Catari"]
[Date "2023.01.28"]
[Round "9.142"]
[White "Vinales Gonzalez, Enzo Mathias"]
[Black "Hataby, Raed"]
[Result "1-0"]
[WhiteElo "1473"]
[BlackElo "1979"]
[PlyCount "107"]
[EventDate "2023.01.23"]
[EventRounds "10"]
[EventCountry "BRA"]

1. e4 d6 2. d4 g6 3. Nf3 Nf6 4. Nc3 Bg7 5. Bd3 c6 6. Be3 Qc7 7. h3 Nbd7 8. Qc1
h5 9. Ng5 b5 10. e5 dxe5 11. Bxg6 fxg6 12. Ne6 Qd6 13. Nxg7+ Kf7 14. Bh6 Ng8
15. Ne4 Rxh6 16. Nxd6+ exd6 17. Ne6 Kxe6 18. dxe5 dxe5 19. O-O Rh7 20. Qg5 Ne7
21. f4 e4 22. Rfe1 Nf6 23. Rad1 Rh8 24. Qe5+ Kf7 25. Rd6 Ned5 26. Rxc6 Bd7 27.
Rd6 Bf5 28. Rxd5 Rhe8 29. Qc7+ Re7 30. Qc6 Rc8 31. Qxb5 Nxd5 32. Qxd5+ Kg7 33.
Qd4+ Kh7 34. c4 Rd7 35. Qc3 Rd3 36. Qf6 Rc7 37. g4 hxg4 38. hxg4 Rg3+ 39. Kf2
Rf3+ 40. Kg2 Bxg4 41. Rxe4 Rd3 42. Re7+ Rxe7 43. Qxe7+ Kg8 44. c5 Bf5 45. c6
Rd2+ 46. Kg3 Rxb2 47. Qxa7 Rc2 48. c7 Kf8 49. Qd4 Rxa2 50. Qd8+ Kg7 51. c8=Q
Bxc8 52. Qe7+ Kh6 53. Qf8+ Kh7 54. Qf7+ 1-0

[Event "IX Floripa Chess Open Fort Atacadista"]
[Site "Florianópolis - Santa Catari"]
[Date "2023.01.28"]
[Round "9.143"]
[White "Vieira, Luana Saddi"]
[Black "Mendonca, Erico"]
[Result "1-0"]
[WhiteElo "1400"]
[BlackElo "1756"]
[PlyCount "44"]
[EventDate "2023.01.23"]
[EventRounds "10"]
[EventCountry "BRA"]

1. e4 e6 2. d4 d5 3. e5 c5 4. c3 Nc6 5. Nf3 Qb6 6. a3 Nge7 7. Bd3 Bd7 8. Bc2
cxd4 9. cxd4 Qa6 10. Nc3 g6 11. Be3 Bg7 12. Bd3 Qb6 13. Qd2 Nf5 14. Bxf5 exf5
15. Nxd5 Qd8 16. Bg5 Qc8 17. Rc1 h6 18. Be3 Qd8 19. O-O a5 20. Rfe1 Be6 21. Nc3
Ne7 22. Nb5 Qd5 1-0

[Event "IX Floripa Chess Open Fort Atacadista"]
[Site "Florianópolis - Santa Catari"]
[Date "2023.01.28"]
[Round "9.144"]
[White "Nagel, Yasmin Da Silva"]
[Black "Silvestre, Gilmar Severino"]
[Result "0-1"]
[WhiteElo "1386"]
[BlackElo "1749"]
[PlyCount "44"]
[EventDate "2023.01.23"]
[EventRounds "10"]
[EventCountry "BRA"]

1. e4 c5 2. Nf3 e6 3. d4 cxd4 4. Nxd4 a6 5. Nc3 Qc7 6. Be2 Bb4 7. Bd2 Nf6 8. f3
Nc6 9. Nxc6 dxc6 10. O-O O-O 11. a3 Bc5+ 12. Kh1 Rd8 13. Qe1 e5 14. Bg5 Be7 15.
f4 h6 16. fxe5 hxg5 17. exf6 gxf6 18. Rd1 Be6 19. Bd3 Qe5 20. a4 Kg7 21. g3 Rh8
22. b3 Bb4 0-1

[Event "IX Floripa Chess Open Fort Atacadista"]
[Site "Florianópolis - Santa Catari"]
[Date "2023.01.28"]
[Round "9.145"]
[White "Ferreira De Souza, Ricardo"]
[Black "Reinaldo Dos Santos, Julio"]
[Result "0-1"]
[WhiteElo "1365"]
[BlackElo "1749"]
[PlyCount "57"]
[EventDate "2023.01.23"]
[EventRounds "10"]
[EventCountry "BRA"]

1. e4 c5 2. Nf3 e6 3. d4 cxd4 4. Nxd4 Nc6 5. Be3 Nf6 6. Nc3 d5 7. exd5 exd5 8.
Bb5 Bd7 9. O-O a6 10. Ba4 h6 11. Re1 Be7 12. Qf3 Ne5 13. Qg3 Ng6 14. Nf5 O-O
15. Nxe7+ Nxe7 16. Bxh6 Nf5 17. Qf4 Nxh6 18. Bb3 Bc6 19. Rad1 Re8 20. Qg5 Qd7
21. Re3 Rxe3 22. fxe3 Qg4 23. Qxg4 Nhxg4 24. Rd3 Re8 25. Nd1 Ne5 26. Rc3 Ne4
27. Bxd5 Nxc3 28. Nxc3 Bxd5 29. Nxd5 0-1

[Event "IX Floripa Chess Open Fort Atacadista"]
[Site "Florianópolis - Santa Catari"]
[Date "2023.01.28"]
[Round "9.146"]
[White "De Oliveira, Jairo Quintiliano"]
[Black "Ramazzotte, Maicon Zilli"]
[Result "1-0"]
[WhiteElo "1745"]
[BlackElo "1562"]
[PlyCount "77"]
[EventDate "2023.01.23"]
[EventRounds "10"]
[EventCountry "BRA"]

1. e4 c5 2. Nf3 e6 3. d4 cxd4 4. Nxd4 Nf6 5. Nc3 Nc6 6. Ndb5 d6 7. Bf4 e5 8.
Bg5 a6 9. Na3 Be7 10. Nc4 Be6 11. Bxf6 gxf6 12. Nd5 Bxd5 13. exd5 Nb8 14. Qh5
b5 15. Ne3 Nd7 16. Bd3 Qa5+ 17. c3 b4 18. O-O bxc3 19. bxc3 Rc8 20. c4 Nf8 21.
Qg4 Nd7 22. Qg7 Rf8 23. Qxh7 Kd8 24. h4 Kc7 25. h5 Qc3 26. Rfd1 e4 27. Bxe4 Ne5
28. Rac1 Qa5 29. f4 Qc5 30. fxe5 Qxe3+ 31. Kh1 fxe5 32. Qf5 Qg3 33. Rd3 Qg7 34.
c5 Qh6 35. cxd6+ Kxd6 36. Rc6+ Rxc6 37. dxc6+ Kc5 38. Qxe5+ Kb6 39. Rb3+ 1-0

[Event "IX Floripa Chess Open Fort Atacadista"]
[Site "Florianópolis - Santa Catari"]
[Date "2023.01.28"]
[Round "9.147"]
[White "Arndt, Claudio Felipe"]
[Black "Belina, Jose Carlos Fernand"]
[Result "1/2-1/2"]
[WhiteElo "1744"]
[BlackElo "1546"]
[PlyCount "64"]
[EventDate "2023.01.23"]
[EventRounds "10"]
[EventCountry "BRA"]

1. d4 d5 2. Bf4 Nf6 3. e3 c5 4. c3 Nc6 5. Bd3 e6 6. Nd2 Bd6 7. Bxd6 Qxd6 8. a3
O-O 9. f4 b6 10. Ngf3 Qc7 11. O-O a5 12. Qe2 Bb7 13. Ne5 Ne7 14. Qf3 Ba6 15.
Bxa6 Rxa6 16. g4 Nd7 17. Qg3 f6 18. Nef3 Raa8 19. Rf2 Rae8 20. h4 e5 21. fxe5
fxe5 22. Raf1 Qb8 23. Qh3 e4 24. Nh2 cxd4 25. cxd4 Qc7 26. g5 Rxf2 27. Rxf2 Qc6
28. Qg2 Rf8 29. Nhf1 Nf5 30. Qg4 Ne7 31. Qg2 Nf5 32. Qg4 Ne7 1/2-1/2

[Event "IX Floripa Chess Open Fort Atacadista"]
[Site "Florianópolis - Santa Catari"]
[Date "2023.01.28"]
[Round "9.148"]
[White "Ribeiro Carrico, Victor Hugo"]
[Black "Monauer, Caique"]
[Result "1-0"]
[WhiteElo "1737"]
[BlackElo "1533"]
[PlyCount "41"]
[EventDate "2023.01.23"]
[EventRounds "10"]
[EventCountry "BRA"]

1. e4 e5 2. Nf3 Nc6 3. Bc4 Bc5 4. c3 Nf6 5. d4 exd4 6. cxd4 Bb4+ 7. Bd2 d5 8.
exd5 Nxd5 9. Bxb4 Ncxb4 10. Qb3 Bf5 11. O-O Nc2 12. Bxd5 Nxa1 13. Qxb7 Rb8 14.
Qc6+ Kf8 15. Na3 Nc2 16. Nxc2 Bxc2 17. Ne5 Bg6 18. Nd7+ Kg8 19. Nxb8 Qxb8 20.
Re1 Kf8 21. Qd7 1-0

[Event "IX Floripa Chess Open Fort Atacadista"]
[Site "Florianópolis - Santa Catari"]
[Date "2023.01.28"]
[Round "9.149"]
[White "Constantino, Pedro Henrique"]
[Black "Paniago, Lucio Erloiny Silva"]
[Result "0-1"]
[WhiteElo "1727"]
[BlackElo "1529"]
[PlyCount "80"]
[EventDate "2023.01.23"]
[EventRounds "10"]
[EventCountry "BRA"]

1. e4 e6 2. d4 d5 3. Nc3 Nf6 4. e5 Nfd7 5. f4 a6 6. Nf3 c5 7. Bd3 Nc6 8. Be3
Qb6 9. dxc5 Qxb2 10. Na4 Qb4+ 11. c3 Qa5 12. O-O Nxc5 13. Nxc5 Bxc5 14. Nd4
Qxc3 15. Rc1 Qa5 16. Rxc5 Qxc5 17. Nf5 d4 18. Nd6+ Ke7 19. Bd2 Rd8 20. Ne4 Qa3
21. Bc1 Qxa2 22. Rf2 Qa5 23. Qg4 Kf8 24. Qh5 h6 25. Ng3 Qc3 26. Qd1 a5 27. Bb2
Qc5 28. Rc2 Qd5 29. Be4 Qb3 30. Qc1 Qe3+ 31. Qxe3 dxe3 32. Bxc6 bxc6 33. Ba3+
Kg8 34. Bd6 a4 35. Nf1 e2 36. Rxe2 Ba6 37. Ra2 Bxf1 38. Kxf1 Rd7 39. Ke2 Rb7
40. Kd3 a3 0-1

[Event "IX Floripa Chess Open Fort Atacadista"]
[Site "Florianópolis - Santa Catari"]
[Date "2023.01.28"]
[Round "9.150"]
[White "Cheres, Beatriz Fernanda Sa"]
[Black "Costa, Paulo Sergio"]
[Result "0-1"]
[WhiteElo "1312"]
[BlackElo "1721"]
[PlyCount "30"]
[EventDate "2023.01.23"]
[EventRounds "10"]
[EventCountry "BRA"]

1. e4 e5 2. Nf3 Nc6 3. Bc4 h6 4. d4 exd4 5. Nxd4 Ne5 6. Bb3 Bc5 7. O-O Qf6 8.
Be3 Ne7 9. Nc3 c6 10. Nf5 Bb4 11. f4 Nxf5 12. fxe5 Nxe3 13. Qe2 Qxe5 14. Bxf7+
Kd8 15. Qxe3 Bc5 0-1

[Event "IX Floripa Chess Open Fort Atacadista"]
[Site "Florianópolis - Santa Catari"]
[Date "2023.01.28"]
[Round "9.151"]
[White "Carlos, Roberta Souto"]
[Black "Mayeregger Gonzalez, Fiorella"]
[Result "0-1"]
[WhiteElo "1698"]
[BlackElo "1340"]
[PlyCount "90"]
[EventDate "2023.01.23"]
[EventRounds "10"]
[EventCountry "BRA"]

1. e4 c5 2. c3 d5 3. e5 Nc6 4. d4 cxd4 5. cxd4 Bf5 6. Nf3 e6 7. Bb5 Bb4+ 8. Nc3
Nge7 9. O-O O-O 10. a3 Bxc3 11. bxc3 Rc8 12. Bd2 h6 13. Rc1 Na5 14. Qa4 a6 15.
Be2 b5 16. Qb4 Nec6 17. Qb2 Nc4 18. Bxc4 bxc4 19. a4 Na5 20. Be3 Nb3 21. Rcd1
Qa5 22. Nd2 Rb8 23. Nxb3 Rxb3 24. Qa2 Rfb8 25. Rc1 Bd3 26. Rfd1 Rxc3 27. Rxc3
Qxc3 28. Qd2 Qxd2 29. Bxd2 Bc2 30. Ra1 Bxa4 31. f4 Bb5 32. Bc3 Kh7 33. Kf2 Kg6
34. g4 f5 35. h3 fxg4 36. hxg4 Rh8 37. Kg3 h5 38. g5 Kf5 39. Kf3 h4 40. Rg1 g6
41. Rh1 h3 42. Rh2 Ba4 43. Ke3 Bd1 44. Be1 Kg4 45. Kd2 Bf3 0-1

[Event "IX Floripa Chess Open Fort Atacadista"]
[Site "Florianópolis - Santa Catari"]
[Date "2023.01.28"]
[Round "9.152"]
[White "Franca Junior, Jairo"]
[Black "Flesch, Lucas Henrique Ye"]
[Result "1-0"]
[WhiteElo "1696"]
[BlackElo "1306"]
[PlyCount "89"]
[EventDate "2023.01.23"]
[EventRounds "10"]
[EventCountry "BRA"]

1. d4 d5 2. Nf3 Nf6 3. c4 e6 4. Nc3 Be7 5. Bf4 a6 6. cxd5 Nxd5 7. Bg3 Nc6 8. e4
Nxc3 9. bxc3 b5 10. Bd3 b4 11. d5 exd5 12. exd5 Qxd5 13. Qe2 Qe6 14. Be4 Bb7
15. O-O Nd4 16. Nxd4 Qxe4 17. Qxe4 Bxe4 18. Rfe1 Bd5 19. Nf5 Be6 20. Nxg7+ Kd7
21. Rad1+ Bd6 22. Nxe6 fxe6 23. cxb4 Rab8 24. Re4 Rb6 25. f3 Rhb8 26. a3 a5 27.
bxa5 Ra6 28. Red4 Rb5 29. Bxd6 Rxd6 30. a4 Rxa5 31. g4 e5 32. Rxd6+ cxd6 33.
Ra1 Ke6 34. Kg2 Kf6 35. h4 Kg6 36. Kf2 h5 37. g5 Kf5 38. Ke3 d5 39. Ra2 Ra6 40.
a5 e4 41. fxe4+ dxe4 42. Ra4 Kg4 43. Rxe4+ Kg3 44. Ra4 Kh3 45. Kd3 1-0